LIBRARY ONLINE CATALOGUE

The message of Samuel : (Record no. 21259)

MARC details
000 -LEADER
fixed length control field 01366cam a22003854a 4500
001 - CONTROL NUMBER
control field 13456414
003 - CONTROL NUMBER IDENTIFIER
control field OSt
005 - DATE AND TIME OF LATEST TRANSACTION
control field 20260216150116.0
008 - FIXED-LENGTH DATA ELEMENTS--GENERAL INFORMATION
fixed length control field 040113s2004 ilub b 000 0 eng
010 ## - LIBRARY OF CONGRESS CONTROL NUMBER
LC control number 2004000679
020 ## - INTERNATIONAL STANDARD BOOK NUMBER
International Standard Book Number 0830824294
Qualifying information USA : pab.
020 ## - INTERNATIONAL STANDARD BOOK NUMBER
International Standard Book Number 0851112951
Qualifying information UK
020 ## - INTERNATIONAL STANDARD BOOK NUMBER
International Standard Book Number 9780830824298
Qualifying information (USA : pab.)
020 ## - INTERNATIONAL STANDARD BOOK NUMBER
International Standard Book Number 9780851112954
Qualifying information (UK)
035 ## - SYSTEM CONTROL NUMBER
System control number 13456414
040 ## - CATALOGING SOURCE
Original cataloging agency DLC
Transcribing agency DLC
Modifying agency DLC
042 ## - AUTHENTICATION CODE
Authentication code pcc
050 00 - LIBRARY OF CONGRESS CALL NUMBER
Classification number BS1325.52
Item number .E83 2004
082 00 - DEWEY DECIMAL CLASSIFICATION NUMBER
Classification number 222/.406
Edition number 22
100 1# - MAIN ENTRY--PERSONAL NAME
Personal name Evans, Mary J.
245 14 - TITLE STATEMENT
Title The message of Samuel :
Remainder of title personalities, potential, politics, and power /
Statement of responsibility, etc. Mary J. Evans.
260 ## - PUBLICATION, DISTRIBUTION, ETC. (IMPRINT)
Place of publication, distribution, etc. Downers Grove, Ill. :
Name of publisher, distributor, etc. Inter-Varsity Press,
Date of publication, distribution, etc. c2004.
300 ## - PHYSICAL DESCRIPTION
Extent 286 p. :
Other physical details 1 map ;
Dimensions 21 cm.
336 ## - CONTENT TYPE
Content type term text
Content type code txt
Source rdacontent
337 ## - MEDIA TYPE
Media type term unmediated
Media type code n
Source rdamedia
338 ## - CARRIER TYPE
Carrier type term volume
Carrier type code nc
Source rdacarrier
440 #4 - SERIES STATEMENT/ADDED ENTRY--TITLE
Title The Bible speaks today
504 ## - BIBLIOGRAPHY, ETC. NOTE
Bibliography, etc Includes bibliographical references.
630 00 - SUBJECT ADDED ENTRY--UNIFORM TITLE
Uniform title Bible.
Name of part/section of a work Samuel
General subdivision Criticism, interpretation, etc.
856 41 - ELECTRONIC LOCATION AND ACCESS
Materials specified Table of contents
Uniform Resource Identifier <a href="http://www.loc.gov/catdir/toc/ecip0413/2004000679.html">http://www.loc.gov/catdir/toc/ecip0413/2004000679.html</a>
906 ## - LOCAL DATA ELEMENT F, LDF (RLIN)
a 7
b cbc
c orignew
d 1
e ecip
f 20
g y-gencatlg
942 ## - ADDED ENTRY ELEMENTS (KOHA)
Source of classification or shelving scheme Library of Congress Classification
Koha item type General Collection
Holdings
Withdrawn status Lost status Source of classification or shelving scheme Not for loan Home library Current library Shelving location Date acquired Source of acquisition Inventory number Total Checkouts Full call number Barcode Date last seen Copy number Price effective from Koha item type
    Library of Congress Classification   Kabarak, Main Campus Kabarak, Main Campus General Stacks 16/02/2026 Donation 2025/2302   BS1325.52 .E83 2004 C.1 39119 16/02/2026 C.1 16/02/2026 General Collection